000 00774nam a2200229 i 4500
001 185469
003 SpMaBN
005 20250811235150.0
008 160608s1999 sp a |||| ||spa d
020 _a84-8403-277-9
080 _a7.031.26(364)
100 1 _aAllen, J. Romilly.
_9159808
245 1 0 _aArte celta
_b: en tiempos paganos y cristianos /
_cJ. Romilly Allen ; [traducción, Javier Alfonso López].
260 _aArganda del Rey (Madrid) :
_bEdimat,
_c[1999]
300 _a289 p. :
_bil. ;
_c21 cm.
490 1 _aBiblioteca del arte
504 _aReferencias bibliográficas.
650 7 _aArte celta
_2embne
_9159033
830 0 _aBiblioteca del arte
_9225220
852 _aES-MaACL
_jL-30358
_z. - Donat. Miguel A. Velasco
999 _c185469
_d185469